000 01149cad a22002775a 4500
001 L156483
008 120528e20120217xxkd f s 000 0 eng d
035 _a(Sirsi) u156483
041 0 _aeng
110 2 _aRoyal Institution of Chartered Surveyors
_bEconomics
_95033
245 0 0 _aRICS global real estate weekly
_b20 April 2012
_h[electronic resource]
260 _aLondon
_bRICS
_c2012
490 0 _aRICS Global Real Estate Weekly
_v20 April 2012
520 _aCredit conditions are key to the property market outlook in the Euro Area. Brazilian central bank cuts interest rates further. House prices in Korea are likely to continue to soften. UK economy to show growth in Q1 despite weak construction data.
590 _aKA
650 2 4 _aRICS GLOBAL REAL ESTATE WEEKLY
651 4 _aSouth Korea
651 4 _aEurope
651 4 _aBrazil
651 4 _aUnited Kingdom
690 _aCommercial property
_96227
690 _aConstruction management
_96230
690 _aResidential property
_96266
856 4 0 _uhttps://www.rics.org/site/download_feed.aspx?fileID=11823&fileExtension=PDF
_zView the report at www.rics.org
942 _n0
999 _c114269
_d114269